Statistics for History of Poland - Basic Knowledge

Click here to take the quiz!

General Stats

  • This quiz has been taken 14 times
  • The average score is 19 of 34

Answer Stats

QuestionAnswer% Correct
What polish city was completely destroyed and slaughtered several times during World War II? (hint: The Uprising of 1944)Warsaw
100%
When did Poland join EU?2004
92%
With who Bolesław I fought for Lusatia? (name country)Germany
92%
What country invaded Poland in 1939, starting World War II?Germany
92%
When did Poland regain independence?1918
85%
What was the name of only polish Pope?John Paul II
85%
Where did polish pilots serve after Poland was conquered? (name country)United Kingdom
77%
What was first capital of Poland?Gniezno
69%
With which country Poland united in 1569?Lithuania
69%
What is the name of polish most popular and best football player?Robert Lewandowski
69%
What polish organization opposed the communism and abolished it in Poland?The Solidarity
69%
When did Poland annouce its first constitution? (Second constitution in Europe)1791
62%
When did Poland join NATO?1999
62%
Where did Poland and Lithuania beat Teutons in 1410?Grunwald
62%
Name first historical ruler of PolandMieszko
62%
Which is the ethnic group that Poles belong to?Slavs
62%
What country did Poland beat in the foregrounds of Warsaw in 1920?Soviet Union
62%
What european city did polish army save from the Ottomans in 1683?Vienna
62%
What was the name of a pact Poland was a part of during Cold War?Warsaw Pact
62%
Where did polish soldiers serve after 9/11? (A and I countries)Afghanistan and Iraq
54%
What was the last king of #2 dynasty? (Nicknamed the Great)Casimir
54%
What polish-lithuanian dynasty ruled almost whole Eastern Europe in XV Century?Jagiellon
54%
What city Poles took over in 1610?Moscow
54%
When did the Third Partiton of Poland happen?1795
46%
What is the name of first polish dynasty?Piast
46%
Who seized power in Poland with the help of Moscow after World War II?Communists
31%
What eastern city did Bolesław I looted in 1018?Kyiv
31%
What Hungarian dynasty ruled Poland after #8 died?Andegaven
23%
What is the name of polish strongest cavalry unit in the world (XVI and XVII centuries)?Winged Hussars
23%
Year when polish feudal fragmentation began?1138
15%
When did the Prussian Homage happen?1525
15%
What polish uprising was drowned in blood by Russian Empire? (1863)January Uprising
15%
What horrible war against Sweden happened in Polish-Lithuanian Commonwealth in XVII Century?The Deluge
15%
What polish formation served under the command of Napoleon?Polish Legions
8%

Score Distribution

Percentile by Number Answered

Percent of People with Each Score

Your Score History

You have not taken this quiz